01527nam a2200361Ia 4500001001200000003000800012006001900020007001500039008004100054010001700095020001800112020001500130040002100145035002100166050002700187245012900214260006700343300003200410490004600442504005100488533015200539650005100691650004800742650004500790650004800835655002900883700002900912700001900941710001700960830004700977856012601024999001501150ebr10276603CaPaEBRm u cr cn|||||||||080729s2009 enkab sb 001 0 eng d z 2008033497 z9780754674252 z0754674258 aCaPaEBRcCaPaEBR a(OCoLC)32249938014aHC240.9.E5bR86 2009eb00aRural sustainable development in the knowledge societyh[electronic resource] /cedited by Karl Bruckmeier and Hilary Tovey. aFarnham, Surrey, England ;aBurlington, VT :bAshgate,cc2009. axxii, 294 p. :bill., maps.1 aPerspectives on rural policy and planning aIncludes bibliographical references and index. aElectronic reproduction.bPalo Alto, Calif. :cebrary,d2011.nAvailable via World Wide Web.nAccess may be limited to ebrary affiliated libraries. 0aSustainable developmentzEuropevCase studies. 0aEnvironmental policyzEuropevCase studies. 0aRural developmentzEuropevCase studies. 0aAgricultural ecologyzEuropevCase studies. 7aElectronic books.2local1 aBruckmeier, Karl,d1952-1 aTovey, Hilary.2 aebrary, Inc. 0aPerspectives on rural policy and planning.40uhttp://site.ebrary.com/lib/rucke/Doc?id=10276603zAn electronic book accessible through the World Wide Web; click to view c5501d5501